| 000 | 00829cam a2200229 a 4500 | ||
|---|---|---|---|
| 001 | 000018166 | ||
| 005 | 20200929165401.0 | ||
| 008 | 790314s1975 ve f000 0bspa d | ||
| 040 |
_aDO-SdBNP _bspa _cLC _dBNPHU |
||
| 082 |
_a928.86 _bP662 |
||
| 245 | 0 | 0 |
_aPío Gil, beato de la libertad / _cRafael Arevalo Gonzalez ... [et al.] ; introducción Pedro Beroes. |
| 260 |
_aCaracas, Venezuela : _bSenado de la República, _c1975. |
||
| 300 |
_axxi, 307 p. ; _c18 cm. |
||
| 600 | 1 | 4 |
_aMORANTES, PEDRO MARÍA, _d1865?-1918. _939362 |
| 650 | 4 |
_aAutores venezolanos _ySIGLO XX _939363 |
|
| 700 | 1 |
_aArevalo Gonzalez, Rafael, _d1866-1935. _939364 |
|
| 700 | 1 |
_aBlanco, Andres Eloy. _939365 |
|
| 700 | 1 |
_aVelásquez, Ramón J. _96716 |
|
| 700 | 1 |
_aBeroes, Pedro, _eintrod. _939366 |
|
| 910 | _aCatalogación por copia / LC | ||
| 049 | _aBNGR | ||
| 999 |
_c17687 _d17687 |
||